[Event "XXVII OOM - Mistrzostwa Polski Juniorow Mlodszych - Dziewczeta do lat 14"]
[Site "ApartHotel Termy Uniejow, ul. Termalna 1, 99-210 Uniejow"]
[Date "1899-12-30"]
[Round "5.13"]
[White "Staniewicz, Adrianna"]
[Black "Kulczycka, Zofia"]
[Result "0-1"]
[WhiteTitle "WCM"]
[BlackTitle "I"]
[WhiteElo "1301"]
[BlackElo "1470"]

1. e4 c5 2. Nf3 Nc6 3. d4 cxd4 4. Nxd4 Nf6 5. Nxc6 bxc6 6. Bd3 d5 7. exd5 cxd5
8. Bb5+ Bd7 9. Bxd7+ Qxd7 10. f4 e6 11. O-O Bc5+ 12. Kh1 O-O 13. Nd2 Qb5 14. h3
Rac8 15. a4 Qb6 16. c3 a5 17. Rb1 Be3 18. Rf3 d4 19. cxd4 Qxd4 20. Qe2 Bxd2 21.
Bxd2 Qxa4 22. Ra3 Qc2 23. Qe1 a4 24. Bc3 Nd5 25. Rc1 Qf5 26. Rxa4 Nxf4 27. Qg3
Ng6 28. h4 e5 29. Ra5 Qf4 30. Qxf4 Nxf4 31. Re1 f6 32. g3 Ne6 33. Re3 Rb8 34.
b4 Nd4 35. Ra4 Nb5 36. Kg2 Rfc8 37. Ba1 Ra8 38. Rxa8 Rxa8 39. Bb2 Ra2 40. Re2
Ra4 41. Re4 Ra2 42. Re2 Kf7 43. Kf3 Ke6 44. g4 Ra4 45. Rc2 Rxb4 46. Bc3 Rb3 47.
Ke2 Rxc3 48. Rb2 Nd4+ 49. Kd2 Rg3 50. Rb6+ Kd5 51. Rb7 Rxg4 0-1

[Event "XXVII OOM - Mistrzostwa Polski Juniorow Mlodszych - Dziewczeta do lat 14"]
[Site "ApartHotel Termy Uniejow, ul. Termalna 1, 99-210 Uniejow"]
[Date "1899-12-30"]
[Round "5.14"]
[White "Pietryk, Joanna"]
[Black "Romejko, Jagoda"]
[Result "1/2-1/2"]
[WhiteTitle "I"]
[BlackTitle "I"]
[WhiteElo "1385"]
[BlackElo "1350"]

1. d4 d5 2. Bf4 Nf6 3. e3 Bf5 4. Nf3 e6 5. Be2 Be7 6. O-O Nbd7 7. Nbd2 O-O 8. Nh4
Bg6 9. Nxg6 hxg6 10. h3 c5 11. c3 Rc8 12. Nf3 Qb6 13. Qc2 Ne4 14. Bd3 Ndf6 15.
Ne5 Rfd8 16. f3 Nd6 17. Bg5 c4 18. Be2 Nf5 19. e4 Ng3 20. Rfe1 dxe4 21. Nxc4 Qc6
22. Ne5 Qb6 23. Kh2 exf3 24. Nxf3 Nf5 25. Qd2 Ne4 26. Qc1 Nxg5 27. Nxg5 Nxd4 28.
c4 Nxe2 29. Rxe2 Qc5 30. Ne4 Qxc4 31. Qe3 Bc5 32. Qf3 b6 33. Rf1 Rd7 34. b3 Qd5
35. Kh1 Qf5 36. Qxf5 gxf5 37. Nd2 Rcd8 38. Nc4 Rd1 39. Rxd1 Rxd1+ 40. Kh2 Kf8
41. g3 Ke7 42. Ne5 Ke8 43. Kg2 a5 44. Nc4 Ke7 45. Kf3 f6 46. Rc2 Rf1+ 47. Kg2
Rg1+ 48. Kf3 Ra1 49. a4 Bd4 50. h4 e5 51. Ne3 g6 1/2-1/2

[Event "XXVII OOM - Mistrzostwa Polski Juniorow Mlodszych - Dziewczeta do lat 14"]
[Site "ApartHotel Termy Uniejow, ul. Termalna 1, 99-210 Uniejow"]
[Date "1899-12-30"]
[Round "5.15"]
[White "Nowak, Zuzanna"]
[Black "Bandyk, Joanna"]
[Result "1-0"]
[WhiteTitle "I"]
[BlackTitle "I"]
[WhiteElo "1353"]
[BlackElo "1186"]

1. e4 d6 2. d4 Nf6 3. Nc3 g6 4. f4 Bg7 5. Nf3 O-O 6. Bd3 c5 7. dxc5 dxc5 8. Be3
Nfd7 9. Qd2 b6 10. O-O-O Bb7 11. Rhf1 Qc8 12. e5 Rd8 13. Bc4 Nc6 14. Bxf7+ Kh8
15. Be6 Nf8 16. Bxc8 Rxd2 17. Bxb7 Rxd1+ 18. Rxd1 Rb8 19. Bxc6 h6 20. Nd5 e6 21.
Nf6 Bxf6 22. exf6 Kg8 23. Ne5 a5 24. f7+ Kg7 25. Be8 Rc8 26. Nd7 Nxd7 27. Rxd7
Kf8 28. f5 1-0

[Event "XXVII OOM - Mistrzostwa Polski Juniorow Mlodszych - Dziewczeta do lat 14"]
[Site "ApartHotel Termy Uniejow, ul. Termalna 1, 99-210 Uniejow"]
[Date "1899-12-30"]
[Round "5.16"]
[White "Leks, Emilia"]
[Black "Szopa, Emilia"]
[Result "0-1"]
[WhiteTitle "II+"]
[BlackTitle "I++"]
[WhiteElo "1213"]
[BlackElo "1699"]

1. c4 e5 2. Nc3 Nf6 3. g3 c6 4. Nf3 e4 5. Nd4 Qb6 6. Nb3 a5 7. a4 d5 8. cxd5 cxd5
9. Bg2 Be6 10. Nb5 Nc6 11. O-O Be7 12. d3 exd3 13. Qxd3 O-O 14. Be3 Qd8 15. Nc5
Bc8 16. Rfd1 b6 17. Nb3 Nb4 18. Qc3 Bg4 19. N3d4 Rc8 20. Qb3 Bc5 21. Bg5 h6 22.
Bxf6 Qxf6 23. Bxd5 Nxd5 24. Qxd5 Bxe2 25. Rd2 Bxb5 26. axb5 Rcd8 27. Qc6 Bxd4
28. Rad1 Bxf2+ 29. Kg2 Rxd2 30. Rxd2 Bc5 0-1

[Event "XXVII OOM - Mistrzostwa Polski Juniorow Mlodszych - Dziewczeta do lat 14"]
[Site "ApartHotel Termy Uniejow, ul. Termalna 1, 99-210 Uniejow"]
[Date "1899-12-30"]
[Round "5.17"]
[White "Pudelko, Magdalena"]
[Black "Walentyn, Zuzanna"]
[Result "1-0"]
[WhiteTitle "I++"]
[BlackTitle "II"]
[WhiteElo "1477"]
[BlackElo "1297"]

1. e4 c5 2. Nf3 d6 3. d4 cxd4 4. Nxd4 Nf6 5. Nc3 Nc6 6. Bg5 a6 7. Qd2 e6 8. f3
Be7 9. O-O-O Bd7 10. Kb1 b5 11. Be3 b4 12. Nce2 a5 13. g4 Ne5 14. Ng3 Qb8 15.
g5 Ng8 16. f4 Nc6 17. Nb5 a4 18. Nxd6+ Qxd6 19. Qxd6 Bxd6 20. Rxd6 Nge7 21. Bb5
Rb8 22. Bxa4 Ra8 23. b3 Nb8 24. Bxd7+ Nxd7 25. Rhd1 Nf8 26. Nh5 Rg8 27. Bd4 Nc8
28. Nxg7+ Rxg7 29. Bxg7 Nxd6 30. Bxf8 Kxf8 31. Rxd6 Rb8 32. Kb2 Ke7 33. e5 h6
34. gxh6 Rh8 35. Rd4 Rxh6 36. Rxb4 Rxh2 37. Rd4 f6 38. exf6+ Kxf6 39. a4 Kf5 40.
a5 Rh4 41. a6 e5 42. Rb4 Rxf4 43. Rxf4+ exf4 44. a7 f3 45. a8=Q Kf4 46. b4 f2
47. b5 Ke3 48. Qf8 Ke2 49. b6 f1=Q 50. Qxf1+ Kxf1 51. b7 Kg2 52. b8=Q Kh3 53.
Qg8 Kh2 54. Kc3 Kh1 55. Kd3 Kh2 56. Ke3 Kh1 57. Kf2 Kh2 58. Qh8# 1-0

[Event "XXVII OOM - Mistrzostwa Polski Juniorow Mlodszych - Dziewczeta do lat 14"]
[Site "ApartHotel Termy Uniejow, ul. Termalna 1, 99-210 Uniejow"]
[Date "1899-12-30"]
[Round "5.18"]
[White "Jaros, Emilia"]
[Black "Bar, Klaudia"]
[Result "1/2-1/2"]
[WhiteTitle "I"]
[BlackTitle "I"]
[WhiteElo "1241"]
[BlackElo "1439"]

1. e4 c5 2. Nf3 Nc6 3. d4 cxd4 4. Nxd4 e5 5. Nb5 d6 6. c4 Be6 7. Be3 g6 8. N1c3
a6 9. Na3 Bg7 10. Nc2 Nge7 11. Nd5 Bxd5 12. cxd5 Nb8 13. Bd3 O-O 14. f3 f5 15.
Qe2 f4 16. Bd2 Nd7 17. g3 Rc8 18. Rb1 Nc5 19. b4 Na4 20. Rb3 b5 21. O-O g5 22.
Ne1 Rf6 23. Ra3 Rh6 24. Bc2 Qd7 25. Bxa4 bxa4 26. g4 Rh4 27. Kg2 h5 28. h3 Kf7
29. Rh1 Rh8 30. Qd1 hxg4 31. fxg4 Kg6 32. Rxa4 Qb5 33. Ra3 Nxd5 34. Ra5 Qc4 35.
Rxd5 Qxe4+ 36. Qf3 Qc4 37. Rxd6+ Bf6 38. Qd3+ Qxd3 39. Nxd3 Kf7 40. Bc3 f3+ 41.
Kxf3 e4+ 42. Kxe4 Bxc3 43. Kf5 Rxh3 44. Rxh3 Rxh3 45. Kxg5 Rh2 46. Rxa6 Rd2 47.
Ra7+ Kf8 48. Nf4 Bxb4 49. a4 Rc2 50. Ne6+ Ke8 51. a5 Be7+ 52. Kg6 Re2 53. Ng7+
Kd8 54. Kf7 Bc5 55. Ra8+ Kd7 56. Nf5 Rg2 57. Rg8 Ra2 58. g5 Bb4 59. Ra8 Rxa5 60.
Rxa5 Bxa5 61. g6 Bc3 62. Ng7 Bb2 63. Nh5 Bh8 1/2-1/2

[Event "XXVII OOM - Mistrzostwa Polski Juniorow Mlodszych - Dziewczeta do lat 14"]
[Site "ApartHotel Termy Uniejow, ul. Termalna 1, 99-210 Uniejow"]
[Date "1899-12-30"]
[Round "5.19"]
[White "Dallemura, Julia"]
[Black "Popczynska, Maja"]
[Result "1/2-1/2"]
[WhiteTitle "I"]
[BlackTitle "I"]
[WhiteElo "1196"]
[BlackElo "1400"]

1. e4 c5 2. Nf3 Nc6 3. d4 cxd4 4. Nxd4 Nf6 5. Nc3 d6 6. Be2 e5 7. Nb3 Be7 8. O-O
O-O 9. Kh1 a5 10. a4 Nb4 11. Bd2 Be6 12. f3 d5 13. exd5 Nfxd5 14. Nxd5 Qxd5 15.
Bxb4 Bxb4 16. Qxd5 Bxd5 17. Nc1 e4 18. fxe4 Bxe4 19. c3 Bd6 20. Bf3 Bxf3 21. Rxf3
Rfe8 22. Nd3 Re2 23. Rf2 Re3 24. Rd1 Rae8 25. g3 f6 26. Kg2 Re2 27. Rd2 Rxf2+
28. Kxf2 Rd8 29. Ke2 Kf7 30. Nf2 Re8+ 31. Kf3 Bc5 32. Ne4 b6 1/2-1/2

[Event "XXVII OOM - Mistrzostwa Polski Juniorow Mlodszych - Dziewczeta do lat 14"]
[Site "ApartHotel Termy Uniejow, ul. Termalna 1, 99-210 Uniejow"]
[Date "1899-12-30"]
[Round "5.20"]
[White "Banasiak, Adrianna"]
[Black "Makarec, Anna"]
[Result "1-0"]
[WhiteTitle "I"]
[BlackTitle "I"]
[WhiteElo "1318"]
[BlackElo "1206"]

1. e4 e5 2. Nf3 Nc6 3. Bb5 a6 4. Ba4 Nf6 5. O-O Be7 6. Re1 b5 7. Bb3 d6 8. c3 O-O
9. h3 Bb7 10. a4 Re8 11. d4 Bf8 12. d5 Nb8 13. Nbd2 c6 14. dxc6 Bxc6 15. Ng5 d5
16. exd5 Nxd5 17. Qh5 h6 18. Nxf7 Qf6 19. Nxe5 Bd6 20. Bxd5+ Kh7 21. Bxc6 Nxc6
22. Nef3 Rxe1+ 23. Nxe1 Rf8 24. Ndf3 Ne5 25. Bg5 Nxf3+ 26. Nxf3 Qe6 27. Be3 bxa4
28. Ng5+ Kg8 29. Nxe6 Rf7 30. Bxh6 gxh6 31. Qg6+ Kh8 32. Qxf7 1-0

[Event "XXVII OOM - Mistrzostwa Polski Juniorow Mlodszych - Dziewczeta do lat 14"]
[Site "ApartHotel Termy Uniejow, ul. Termalna 1, 99-210 Uniejow"]
[Date "1899-12-30"]
[Round "5.21"]
[White "Szewczuk, Aleksandra"]
[Black "Feliks, Agnieszka"]
[Result "1/2-1/2"]
[WhiteTitle "I"]
[BlackTitle "I"]
[WhiteElo "1317"]
[BlackElo "1156"]

1. e4 c5 2. b3 Nf6 3. e5 Ng8 4. Bb2 f6 5. exf6 Nxf6 6. Nf3 Nc6 7. Bb5 d6 8. Bxc6+
bxc6 9. d3 g6 10. Nbd2 Bg7 11. O-O O-O 12. Re1 e5 13. h3 Nh5 14. a3 a5 15. Bc3
Bd7 16. Ne4 Qe7 17. Rb1 Kh8 18. b4 cxb4 19. axb4 axb4 20. Bxb4 c5 21. Bd2 Rfb8
22. c3 Qf8 23. Rxb8 Rxb8 24. Be3 Bc6 25. Nfg5 Nf6 26. Ne6 Qe7 27. Nxg7 Kxg7 28.
Bg5 Bxe4 29. Rxe4 h6 30. Bxf6+ Qxf6 31. Qa1 Rf8 32. f3 Qg5 33. Qd1 d5 34. Ra4
Qe3+ 35. Kh2 d4 36. Ra7+ Rf7 37. Rxf7+ Kxf7 38. Qb3+ Kf6 39. c4 Qf4+ 40. Kh1 Qc1+
41. Kh2 Qf4+ 1/2-1/2

[Event "XXVII OOM - Mistrzostwa Polski Juniorow Mlodszych - Dziewczeta do lat 14"]
[Site "ApartHotel Termy Uniejow, ul. Termalna 1, 99-210 Uniejow"]
[Date "1899-12-30"]
[Round "5.22"]
[White "Gac-mytych, Sara"]
[Black "Kaczmarek, Paulina"]
[Result "1/2-1/2"]
[WhiteTitle "II"]
[BlackTitle "II+"]
[WhiteElo "1125"]
[BlackElo "1029"]

1. c4 e5 2. Nc3 Nf6 3. Nf3 Nc6 4. d3 d5 5. cxd5 Nxd5 6. e4 Nb6 7. Be3 Be7 8. d4
exd4 9. Nxd4 Nxd4 10. Bxd4 O-O 11. Be2 Be6 12. O-O Rc8 13. Bxb6 cxb6 14. Nd5 Bxd5
15. exd5 Bd6 16. Bf3 Re8 17. Rc1 Rxc1 18. Qxc1 Qc8 19. b3 g6 20. g3 Qf5 21. Qd1
Qe5 22. Kh1 Qe7 23. Qd3 Rc8 24. Qe4 Qxe4 25. Bxe4 Kg7 26. Kg2 a6 27. Rd1 Re8 28.
Kf3 Rc8 29. h3 Rc3+ 30. Rd3 Rxd3+ 31. Bxd3 Kf6 32. Ke4 Be5 33. f4 Bc3 34. g4 Ke7
35. a4 Kd6 36. f5 Be5 37. b4 Bc3 38. b5 a5 39. fxg6 fxg6 40. Bc2 Be5 41. Bd1 1/2-1/2

[Event "XXVII OOM - Mistrzostwa Polski Juniorow Mlodszych - Dziewczeta do lat 14"]
[Site "ApartHotel Termy Uniejow, ul. Termalna 1, 99-210 Uniejow"]
[Date "1899-12-30"]
[Round "5.23"]
[White "Szmajda, Karolina"]
[Black "Kicinska, Magdalena"]
[Result "1/2-1/2"]
[WhiteTitle "I"]
[BlackTitle "I+"]
[WhiteElo "1181"]
[BlackElo "1315"]

1. c4 c6 2. g3 d5 3. cxd5 cxd5 4. Bg2 Nf6 5. Nf3 Bg4 6. O-O e6 7. d3 Be7 8. Bf4
Nc6 9. Nc3 O-O 10. Rc1 Rc8 11. Nb5 Re8 12. Be3 a6 13. Nbd4 Nxd4 14. Bxd4 Qd7 15.
Ne5 Rxc1 16. Qxc1 Qa4 17. Nxg4 Qxd4 18. Nxf6+ Bxf6 19. b3 Be5 20. Qc2 Bd6 21.
e3 Qa7 22. Qb2 Rc8 23. Rc1 Rxc1+ 24. Qxc1 Qc5 25. Qxc5 Bxc5 26. d4 Bb4 27. a4
b6 28. Bf1 a5 29. Kg2 g6 30. Bb5 Kf8 31. Kf3 Be1 32. Ke2 Bb4 33. h3 h5 34. h4
1/2-1/2

[Event "XXVII OOM - Mistrzostwa Polski Juniorow Mlodszych - Dziewczeta do lat 14"]
[Site "ApartHotel Termy Uniejow, ul. Termalna 1, 99-210 Uniejow"]
[Date "1899-12-30"]
[Round "5.24"]
[White "Mitrega, Wiktoria"]
[Black "Reszka, Barbara"]
[Result "1/2-1/2"]
[WhiteTitle "I"]
[BlackTitle "II+"]
[WhiteElo "1251"]
[BlackElo "1095"]

1. b3 d5 2. Bb2 e6 3. Nf3 c5 4. e3 a6 5. d3 Nc6 6. Nbd2 Nf6 7. g3 Be7 8. Bg2 b5
9. Ne5 Bb7 10. Nxc6 Bxc6 11. O-O O-O 12. Qe2 Qc7 13. e4 d4 14. Rfe1 e5 15. Nf3
b4 16. a4 bxa3 17. Bxa3 a5 18. Nd2 a4 19. Bb2 axb3 20. Nxb3 Bb5 21. Nd2 Rfc8 22.
Rxa8 Rxa8 23. Ra1 Rc8 24. Bh3 Rb8 25. Ba3 Bd7 26. Bxd7 Nxd7 27. Nc4 Nb6 28. Nxb6
Qxb6 29. Qd1 Qc7 30. Rb1 Rc8 31. Qd2 h6 32. c4 Rb8 33. Rxb8+ Qxb8 34. Qb2 Qxb2
35. Bxb2 Kf8 1/2-1/2

[Event "XXVII OOM - Mistrzostwa Polski Juniorow Mlodszych - Dziewczeta do lat 14"]
[Site "ApartHotel Termy Uniejow, ul. Termalna 1, 99-210 Uniejow"]
[Date "1899-12-30"]
[Round "5.25"]
[White "Semeradt, Michalina"]
[Black "Peksa, Zuzanna"]
[Result "1-0"]
[WhiteTitle "I"]
[BlackTitle "I"]
[WhiteElo "1065"]
[BlackElo "1231"]

1. e4 c5 2. Nf3 Nc6 3. d4 cxd4 4. Nxd4 e5 5. Nb5 d6 6. Bc4 a6 7. N5c3 Nf6 8. Bg5
Be7 9. Bxf6 Bxf6 10. O-O O-O 11. a3 Bh4 12. g3 Bh3 13. Re1 Qf6 14. Re3 Bg5 15.
Nd5 Qg6 16. Re1 h5 17. c3 h4 18. Nd2 hxg3 19. fxg3 Kh8 20. Ne3 Ne7 21. a4 f5 22.
exf5 Nxf5 23. Nxf5 Qxf5 24. Qh5+ Bh6 25. Qxf5 Rxf5 26. Ne4 Rb8 27. Nxd6 Rf6 28.
Nf7+ Kh7 29. Nxh6 Rxh6 30. Rxe5 Bd7 31. b3 Rf6 32. Rf1 Rxf1+ 33. Kxf1 Rf8+ 34.
Kg1 Rf3 35. Rd5 Bh3 36. Rh5+ Kg6 37. Rxh3 Rxc3 38. Rh8 Re3 39. Rb8 Re7 40. Rd8
Rc7 41. Rf8 Rd7 42. Kg2 a5 43. Re8 Kh7 44. Re5 b6 45. Rd5 Rb7 46. Bd3+ Kh6 47.
Rd6+ Kh5 48. Bg6+ Kg5 49. h4+ Kg4 50. Rd4# 1-0

[Event "XXVII OOM - Mistrzostwa Polski Juniorow Mlodszych - Dziewczeta do lat 14"]
[Site "ApartHotel Termy Uniejow, ul. Termalna 1, 99-210 Uniejow"]
[Date "1899-12-30"]
[Round "5.26"]
[White "Bromirska, Roksana"]
[Black "Brelinska, Marcelina"]
[Result "1/2-1/2"]
[WhiteTitle "II"]
[BlackTitle "II"]
[WhiteElo "1088"]
[BlackElo "1057"]

1. d4 Nf6 2. Nf3 g6 3. Bg5 Bg7 4. e3 Nc6 5. Bb5 O-O 6. O-O d6 7. h3 e5 8. dxe5
Nxe5 9. Nxe5 dxe5 10. Qxd8 Rxd8 11. Nc3 Bf5 12. Rac1 c6 13. Bc4 Rd7 14. Ne2 Re7
15. Ng3 Be6 16. Bxe6 Rxe6 17. Bxf6 Bxf6 18. Ne4 Bg7 19. Nc5 Re7 20. Kh1 b6 21.
Nb3 Rd8 22. c3 h5 23. f4 exf4 24. exf4 c5 25. Rcd1 Rxd1 26. Rxd1 Re2 27. Rd2 Rxd2
28. Nxd2 f5 29. Kg1 Kf7 30. Kf2 Ke6 31. Kf3 Bh6 32. g4 hxg4+ 33. hxg4 fxg4+ 34.
Kxg4 Kd5 1/2-1/2

[Event "XXVII OOM - Mistrzostwa Polski Juniorow Mlodszych - Dziewczeta do lat 14"]
[Site "ApartHotel Termy Uniejow, ul. Termalna 1, 99-210 Uniejow"]
[Date "1899-12-30"]
[Round "6.1"]
[White "Lazniewska, Zofia"]
[Black "Pawicka, Magdalena"]
[Result "1/2-1/2"]
[WhiteTitle "I+"]
[BlackTitle "k+"]
[WhiteElo "1625"]
[BlackElo "1816"]

1. e4 c5 2. c3 d5 3. exd5 Qxd5 4. d4 Nc6 5. Nf3 Bg4 6. Be2 cxd4 7. cxd4 e6 8. Nc3
Qa5 9. O-O Nf6 10. h3 Bh5 11. Be3 Bd6 12. a3 a6 13. Qb3 Rb8 14. Rfd1 Ne7 15. Bd2
Qd8 16. Bg5 Nfd5 17. Nxd5 exd5 18. Bxe7 Bxe7 19. Qa4+ b5 20. Qxa6 Qb6 21. Qxb6
Rxb6 22. Rac1 O-O 23. g4 Bg6 24. Ne5 Re8 25. Bf3 Be4 26. Bxe4 dxe4 27. Nc6 Bg5
28. Rc2 e3 29. fxe3 Bxe3+ 30. Kg2 Bg5 31. d5 Kf8 32. Rd3 Bf6 33. Kf3 Rc8 34. Re2
Re8 35. Rxe8+ Kxe8 36. b3 Kd7 37. Ke4 Kd6 38. Rd2 Ra6 39. Ra2 Ra8 40. Nd4 Re8+
41. Kd3 Bxd4 42. Kxd4 Re5 1/2-1/2

[Event "XXVII OOM - Mistrzostwa Polski Juniorow Mlodszych - Dziewczeta do lat 14"]
[Site "ApartHotel Termy Uniejow, ul. Termalna 1, 99-210 Uniejow"]
[Date "1899-12-30"]
[Round "6.2"]
[White "Sprzeczka, Emilia"]
[Black "Oborska, Magda"]
[Result "1/2-1/2"]
[WhiteTitle "I"]
[BlackTitle "I++"]
[WhiteElo "1431"]
[BlackElo "1537"]

1. e4 e5 2. Nf3 Nc6 3. d4 exd4 4. Nxd4 Bb4+ 5. Nc3 Nf6 6. Nxc6 bxc6 7. Bd3 h6 8.
h3 d5 9. exd5 cxd5 10. O-O O-O 11. Ne2 c6 12. Nd4 Qc7 13. c3 Bc5 14. Nf5 Bxf5
15. Bxf5 Rfe8 16. Qf3 Qe5 17. Bc2 Re7 18. Bf4 Qe2 19. Bd3 Qxb2 20. Bxh6 Ne4 21.
Bxe4 dxe4 22. Qg3 f6 23. Be3 Qa3 24. Bxc5 Qxc5 25. Rfe1 Rd8 26. Qe3 Qxe3 27. Rxe3
c5 28. Rae1 Rd2 29. Rxe4 Rxe4 30. Rxe4 Rxa2 31. Re8+ Kf7 32. Rc8 Ra5 33. Rc7+
Kg6 34. Kf1 f5 35. Ke2 Kf6 36. Rc6+ Ke5 37. Kd3 Kd5 38. Rc7 g6 39. Rd7+ Ke6 40.
Rg7 Kf6 41. Rc7 Ra2 42. Ke3 Ra5 43. Kd3 Ra2 44. Ke4 Ke5+ 1/2-1/2

[Event "XXVII OOM - Mistrzostwa Polski Juniorow Mlodszych - Dziewczeta do lat 14"]
[Site "ApartHotel Termy Uniejow, ul. Termalna 1, 99-210 Uniejow"]
[Date "1899-12-30"]
[Round "6.3"]
[White "Szczotka, Klara"]
[Black "Tokarz, Izabela"]
[Result "1-0"]
[WhiteTitle "k+"]
[BlackTitle "I++"]
[WhiteElo "1916"]
[BlackElo "1681"]

1. e4 c5 2. Nf3 Nc6 3. d4 cxd4 4. Nxd4 e5 5. Nb5 d6 6. c4 Be7 7. N5c3 Nf6 8. Bd3
Be6 9. Nd5 O-O 10. Nbc3 Rc8 11. Be3 Nd7 12. O-O Nc5 13. Be2 Bg5 14. a3 f5 15.
exf5 Bxf5 16. Bg4 Bxg4 17. Qxg4 Bxe3 18. fxe3 Qd7 19. Qxd7 Nxd7 20. Ne4 Nc5 21.
Nxd6 Rcd8 22. Nb5 a6 23. Nbc3 Nb3 24. Rad1 Nca5 25. Rxf8+ Rxf8 26. Nb6 Kf7 27.
Ncd5 Re8 28. Rf1+ Kg6 29. Rf2 h6 30. Rc2 e4 31. Kf2 Re5 32. h4 Kh5 33. Nd7 Rf5+
34. Kg3 g5 35. N7f6+ Kg6 36. Nxe4 gxh4+ 37. Kxh4 Re5 38. Nf2 Kg7 39. e4 Nd4 40.
Rc3 Ne2 41. Re3 Nd4 42. Rd3 Ne6 43. Ne3 Nf8 44. g4 Nc6 45. Nf5+ Kh7 46. Nd4 Ne7
47. b4 Neg6+ 48. Kg3 Ne7 49. Nf5 Nc6 50. Rd6 Re6 51. Kf4 Kg6 52. Rd5 b6 53. Nd3
Nb8 54. Ne5+ Kh7 55. Rd8 Rxe5 56. Rxf8 Nc6 57. Rf6 Nb8 58. Rxh6+ Kg8 59. Kxe5
b5 60. cxb5 axb5 61. Rd6 Kf7 62. g5 Ke8 63. g6 Nc6+ 64. Rxc6 Kd8 65. g7 Kd7 66.
g8=Q Kxc6 67. Qd5+ Kb6 68. Qc5+ Ka6 69. Qc6+ Ka7 70. Qxb5 Ka8 71. Kd6 Ka7 72.
Kc7 Ka8 73. Qa6# 1-0

[Event "XXVII OOM - Mistrzostwa Polski Juniorow Mlodszych - Dziewczeta do lat 14"]
[Site "ApartHotel Termy Uniejow, ul. Termalna 1, 99-210 Uniejow"]
[Date "1899-12-30"]
[Round "6.4"]
[White "Gladyszewska, Kinga"]
[Black "Niedorys, Karolina"]
[Result "0-1"]
[WhiteTitle "I"]
[BlackTitle "I"]
[WhiteElo "1293"]
[BlackElo "1413"]

1. e4 c5 2. Nf3 d6 3. d4 cxd4 4. Nxd4 Nf6 5. Nc3 g6 6. f3 Bg7 7. Be3 Nc6 8. Bc4
Bd7 9. Qd2 Nxd4 10. Bxd4 a6 11. Nd5 Nh5 12. Bb6 Qc8 13. Nc7+ Kf8 14. Nxa8 Qxc4
15. O-O-O Qxa2 16. Qe3 Qxb2+ 17. Kd2 Ba4 18. Rc1 e6 19. g4 Ke7 20. gxh5 Rxa8 21.
h6 Bf6 22. f4 Rc8 23. Rhg1 Rxc2+ 24. Rxc2 Qxc2+ 25. Ke1 Bc3+ 26. Kf1 Bb5+ 0-1

[Event "XXVII OOM - Mistrzostwa Polski Juniorow Mlodszych - Dziewczeta do lat 14"]
[Site "ApartHotel Termy Uniejow, ul. Termalna 1, 99-210 Uniejow"]
[Date "1899-12-30"]
[Round "6.6"]
[White "Zapalowska, Wiktoria"]
[Black "Ziobrowska, Maja"]
[Result "0-1"]
[WhiteTitle "I"]
[BlackTitle "I++"]
[WhiteElo "1279"]
[BlackElo "1601"]

1. e4 e5 2. Nf3 Nc6 3. Bb5 g6 4. c3 a6 5. Ba4 Nge7 6. O-O b5 7. Bc2 Bg7 8. d4 exd4
9. cxd4 O-O 10. d5 Na5 11. Nc3 d6 12. Rb1 Bg4 13. h3 Bxf3 14. Qxf3 Nc4 15. b3
Ne5 16. Qg3 f5 17. f3 c6 18. dxc6 N5xc6 19. Bb2 Nb4 20. Bd1 Nd3 21. Ba1 Qb6+ 22.
Kh1 fxe4 23. Nxe4 Nf5 24. Qg4 d5 25. Bxg7 Kxg7 26. Ng3 Nf2+ 27. Rxf2 Qxf2 28.
Nxf5+ Rxf5 29. Rc1 Qe1+ 30. Kh2 Qe5+ 31. Kh1 Re8 32. a4 d4 33. axb5 axb5 34. Bc2
Rg5 35. f4 Qe1+ 36. Rxe1 Rxe1+ 37. Kh2 Rxg4 38. hxg4 Rc1 39. Bd3 b4 40. Bc4 Rxc4
0-1

[Event "XXVII OOM - Mistrzostwa Polski Juniorow Mlodszych - Dziewczeta do lat 14"]
[Site "ApartHotel Termy Uniejow, ul. Termalna 1, 99-210 Uniejow"]
[Date "1899-12-30"]
[Round "6.7"]
[White "Salamon, Julia"]
[Black "Pniewska, Beata"]
[Result "1-0"]
[WhiteTitle "I++"]
[BlackTitle "I"]
[WhiteElo "1504"]
[BlackElo "1400"]

1. d4 d5 2. c4 e6 3. Nc3 Bb4 4. Nf3 Nf6 5. a3 Bxc3+ 6. bxc3 c5 7. e3 Nc6 8. Bd3
O-O 9. O-O b6 10. Qe2 Bb7 11. Bb2 Qc7 12. Rac1 Na5 13. Ne5 dxc4 14. Nxc4 Qc6 15.
f3 Nxc4 16. Bxc4 Rac8 17. e4 Rfd8 18. Rfd1 Qc7 19. a4 Qf4 20. Qd2 Qh4 21. Qf2
Qf4 22. Rc2 Bc6 23. e5 Bxa4 24. Bc1 Qf5 25. Bd3 Qh5 26. exf6 Bxc2 27. Qxc2 g5
28. dxc5 bxc5 29. c4 Qh6 30. Qd2 Qxf6 31. Qxg5+ Qxg5 32. Bxg5 Rd4 33. Be3 Rdd8
34. Bg5 Re8 35. Bf6 Rc6 36. f4 a5 37. Be4 Ra6 38. Rd3 h5 39. Rg3+ Kf8 40. Bh7
1-0

[Event "XXVII OOM - Mistrzostwa Polski Juniorow Mlodszych - Dziewczeta do lat 14"]
[Site "ApartHotel Termy Uniejow, ul. Termalna 1, 99-210 Uniejow"]
[Date "1899-12-30"]
[Round "6.8"]
[White "Kulczycka, Zofia"]
[Black "Giemza, Julia"]
[Result "1/2-1/2"]
[WhiteTitle "I"]
[BlackTitle "I"]
[WhiteElo "1470"]
[BlackElo "1375"]

1. e4 c5 2. Nf3 e6 3. d4 cxd4 4. Nxd4 Nc6 5. Nc3 Qc7 6. Be3 a6 7. Qd2 b5 8. f3
Bb7 9. g4 Rc8 10. Bd3 Bb4 11. a3 Ba5 12. Nb3 Ne5 13. Be2 Bxc3 14. Qxc3 Qxc3+ 15.
bxc3 d6 16. Bd4 Ne7 17. Na5 Ba8 18. a4 O-O 19. axb5 axb5 20. Kd2 Nc4+ 21. Bxc4
bxc4 22. Rhb1 Nc6 23. Nxc6 Bxc6 24. Rb4 d5 25. e5 Ra8 26. Rab1 Rfc8 27. Bc5 Rd8
28. f4 g6 29. Bd6 Rdc8 30. Rb6 Kg7 31. h4 Ra2 1/2-1/2

[Event "XXVII OOM - Mistrzostwa Polski Juniorow Mlodszych - Dziewczeta do lat 14"]
[Site "ApartHotel Termy Uniejow, ul. Termalna 1, 99-210 Uniejow"]
[Date "1899-12-30"]
[Round "6.9"]
[White "Slusarczyk, Anna"]
[Black "Nowak, Zuzanna"]
[Result "1/2-1/2"]
[WhiteTitle "I+"]
[BlackTitle "I"]
[WhiteElo "1464"]
[BlackElo "1353"]

1. d4 d5 2. Nf3 Nf6 3. e3 e6 4. Bd3 c5 5. b3 Nc6 6. Bb2 Bd6 7. O-O Qc7 8. Nbd2
e5 9. dxc5 Bxc5 10. e4 O-O 11. Qe2 Bd6 12. a3 Ne7 13. exd5 Nexd5 14. Bxe5 Nf4
15. Bxf4 Bxf4 16. g3 Re8 17. Ne4 Nxe4 18. Bxe4 Be5 19. Rad1 Bh3 20. Rfe1 Bc3 21.
Nd2 g6 22. Qf3 Rad8 23. g4 Bxg4 24. Qxg4 Rxd2 25. Rxd2 Bxd2 26. Rd1 Rd8 27. Qe2
Bg5 28. Rxd8+ Bxd8 29. Bxb7 Be7 30. Bd5 Bxa3 31. Qe4 Bd6 1/2-1/2

[Event "XXVII OOM - Mistrzostwa Polski Juniorow Mlodszych - Dziewczeta do lat 14"]
[Site "ApartHotel Termy Uniejow, ul. Termalna 1, 99-210 Uniejow"]
[Date "1899-12-30"]
[Round "6.10"]
[White "Lewicka, Joanna"]
[Black "Kawa, Anna"]
[Result "0-1"]
[WhiteTitle "I"]
[BlackTitle "I"]
[WhiteElo "1252"]
[BlackElo "1440"]

1. e4 g6 2. d4 Bg7 3. g3 c6 4. Bg2 d5 5. e5 h5 6. h3 Nh6 7. Ne2 Bf5 8. O-O Nd7
9. Be3 Qb6 10. b3 Rc8 11. c4 Bxb1 12. Rxb1 e6 13. f4 Nf5 14. Bf2 Bf8 15. c5 Qd8
16. b4 a6 17. Qd3 Be7 18. a4 O-O 19. b5 axb5 20. axb5 b6 21. Rfc1 bxc5 22. dxc5
cxb5 23. Rxb5 Rc6 24. Qc3 Qc7 25. Qa5 Qxa5 26. Rxa5 Rfc8 27. Ra7 Bxc5 28. Bxc5
Rxc5 29. Rxc5 Nxc5 30. Nc3 Nxg3 31. Nb5 Ne2+ 32. Kf2 Nxf4 33. Nd6 Rf8 34. Bf1
Nfd3+ 0-1